| 000 -LEADER |
| fixed length control field |
01680pab a2200169 454500 |
| 008 - FIXED-LENGTH DATA ELEMENTS--GENERAL INFORMATION |
| fixed length control field |
180718bOct xxu||||| |||| 00| 0 eng d |
| 100 ## - MAIN ENTRY--PERSONAL NAME |
| Personal name |
Weller, Christian E. |
| 245 ## - TITLE STATEMENT |
| Title |
Financial crises after financial liberalisation: exceptional circumstances or structural weakness? |
| 260 ## - PUBLICATION, DISTRIBUTION, ETC. |
| Date of publication, distribution, etc. |
Oct |
| 300 ## - PHYSICAL DESCRIPTION |
| Extent |
p.98-127. |
| 362 ## - DATES OF PUBLICATION AND/OR SEQUENTIAL DESIGNATION |
| Dates of publication and/or sequential designation |
2001 |
| 520 ## - SUMMARY, ETC. |
| Summary, etc. |
In this article, I argue that emerging economies are systematically becoming more susceptible to both currency and banking crises after financial liberalisation (FL). Using data for 27 emerging economies from 1973 to 1998, univariate and multivariate analyses indicate that the likelihood of currency crises and banking crises increase after FL. In particular, liberalisation allows more liquidity to enter an emerging economy, which finds its way into productive and speculative projects. What is common to both types of crises is a significant increase in speculative financing, thereby increasing the change for borrower default. Thus, the outflow of international capital becomes more likely. The chance of a crisis occurring in response to changes in short-term loans is greater after FL than before. Similarly, the chance of a currency crisis occurring following a currency overvaluation is larger after FL than before. In comparison, the likelihood of a banking crisis occurring in response to an overvalued currency remains the same. Finally, the results show that the chance of a currency crisis declines over time, while the chance of a banking crisis increases after FL. - Reproduced. |
| 650 ## - SUBJECT ADDED ENTRY--TOPICAL TERM |
| Topical term or geographic name entry element |
Liberalization |
| 650 ## - SUBJECT ADDED ENTRY--TOPICAL TERM |
| Topical term or geographic name entry element |
Economic recession |
| 773 ## - HOST ITEM ENTRY |
| Main entry heading |
Journal of Development Studies |
| 909 ## - |
| -- |
52603 |